00389nam a2200121Ia 4500008004100000245008700041260002400128260000900152300000700161650002300168650001200191856006400203170516s9999 xx 000 0 und d aAssessment of Fevicol (adhesive) Drying Process through Dynamic Speckle Techniques bAIMS Bioengineering c2015 a:2 xMedical Technology xMedtech uhttp://www.aimspress.com/journal/Bioengineering/2015/2.html